Statistics for Juventus scorers in Serie A 2016-2017

Click here to take the quiz!

General Stats

  • This quiz has been taken 45 times
  • The average score is 11 of 17

Answer Stats

PlayerGoals% Correct
Gonzalo Higuain24
95%
Paulo Dybala11
95%
Leonardo Bonucci3
87%
Giorgio Chiellini2
84%
Alex Sandro3
82%
Mario Mandzukic7
76%
Sami Khedira5
71%
Miralem Pjanic5
71%
Juan Cuadrado2
68%
Claudio Marchisio1
55%
Dani Alvès2
53%
Daniele Rugani2
47%
Mario Lemina1
47%
Mehdi Benatia1
45%
Stephan Lichtsteiner1
42%
Moise Kean1
26%
Hernanes1
18%

Score Distribution

Percentile by Number Answered

Percent of People with Each Score

Your Score History

You have not taken this quiz